Statistics for Najviši vrhovi po kontinentu

Click here to take the quiz!

General Stats

  • This quiz has been taken 178 times
  • The average score is 2 of 7

Answer Stats

VisinaKontinentVrh% Correct
8848 mAzijaMount Everest
99%
5895 mAfrikaKilimandžaro
52%
6144 mSjeverna AmerikaDenali
29%
5642 mEuropaElbrus
26%
6961 mJužna AmerikaAconcagua
21%
4892 mAntarktikaMount Vinson
4%
4884 mAustralija i OceanijaPuncak Jaya
3%

Score Distribution

Percentile by Number Answered

Percent of People with Each Score

Your Score History

You have not taken this quiz